000 00846nam a22002297a 4500
005 20180719121811.0
010 _aB-698582
020 _a9789332586284
_c899.00
035 _aB-698582
037 _bR K Books.
082 _214Th Edition
_a530
100 _aYoung .Hugh D.
245 _aUniversity Physics :
_bWith Modern Physics
_cHugh D. Young
250 _a14Th Edition
260 _aNoida
_bPearson
_c2017
270 _aplot No-1,Block-c.Sector-16,
_bNoida
_e201301
_k08030461060
_l08030461003
_mwww.pearson.co.in
300 _a1593p.
_bill.
_c27x22 (pbk)
500 _aIndex
700 _aFreedeman Roger A.
942 _2ddc
_cEN
_e14Th Edition
_h330
_mYOU
999 _c154375
_d154375